000 00858nmm a2200265 a 4500
001 ocm0002015769
003 TR-IsHL
005 20201028180724.0
008 181220s2018 tu tur
007 cr cn
020 _a9786052971499
035 _a2015769
_b(N$T)
050 0 4 _aGR75.C4
_bT45 2018
090 0 4 _aGR75.C4
_bT45 2018
100 1 _aTekneci, Mehmet
245 1 0 _aKülkedisi: sevimli masallar serisi
_h[electronic resource] /
_cMehmet Tekneci
260 _aİstanbul :
_bYakamoz Kitap,
_c2018
300 _a24 p.
650 4 _aDil ve Edebiyat
650 4 _aLanguage and Literature
650 0 _aMasallar
_x Türkiye
650 0 _aTales
_x Turkey
650 7 _aJUVENILE FICTION / Fairy Tales & Folklore / General
_2bisacsh
856 4 0 _uhttp://search.ebscohost.com/login.aspx?direct=true&scope=site&db=e011xww&AN=2015769
999 _c19274
_d19274